Score 0/30 Timer 03:00
0 Plays Today
HINT 4 LETTER WORD % Correct
Ballpoints or felt tipsPENS
90.7%
'____ there, done that'BEEN
90.5%
Say a Hail MaryPRAY
85.3%
Propane or coalFUEL
84.8%
✿ RED ____ GIVES YOU WINGS ✿✿ BULL ✿
84.4%
TV's ____ HouseFULL
83.4%
Swiss cityBERN
82.3%
TidyNEAT
80.6%
____ After ReadingBURN
80%
✿ KIND OF YEAR ✿✿ LEAP ✿
79.4%
'I ____ you, bro.'FEEL
76.7%
Waiters' burdenTRAY
74.8%
Bare, happy, or cold ____FEET
70.4%
Oak knotBURL
70.1%
Handy mossPEAT
68.5%
HINT 4 LETTER WORD % Correct
Kind of tideNEAP
67.6%
Percy Weasley, according to FredPRAT
66.4%
✿ ZZ TOP LYRIC: SHE'S GOT ____✿ LEGS ✿
65.1%
Cribbage markersPEGS
63.7%
MeadowsLEAS
63%
✿ FISHING HOLE ✿✿ POND ✿
61.4%
Brain partPONS
57.5%
Animal House clubFRAT
55.5%
Stratocaster rungFRET
53.3%
Phish guitarist AnastasioTREY
46.4%
Kill with a grenadeFRAG
42.8%
✿ Ginko, Banyan or Mallorn ✿✿ TREE ✿
39%
✿ COMMON BOND ✿✿ FROG ✿
33.1%
British machine gunBREN
32.2%
Prancing Pony villageBREE
27.8%

Today's Daily Dose

Remove Ads.
Support Sporcle.
Get the best of Sporcle when you Go Orange. This ad-free experience offers more features, more stats, and more fun while also helping to support Sporcle. Thank you for becoming a member.

You're not logged in!

Compare scores with friends on all Sporcle quizzes.
OR
Log In

Show Comments

Extras

Top Quizzes Today


Score Distribution

Your Account Isn't Verified!

In order to create a playlist on Sporcle, you need to verify the email address you used during registration. Go to your Sporcle Settings to finish the process.

Report this User

Report this user for behavior that violates our Community Guidelines.

Details: